[Event "RUS GP rap"]
[Site "Serpukhov"]
[Date "2018.02.24"]
[Round "8"]
[White "Kharchenko, Boris"]
[Black "Goganov, Aleksey"]
[Result "0-1"]
[WhiteElo "2464"]
[BlackElo "2564"]
[PlyCount "48"]
[EventDate "2018.02.23"]
[EventType "swiss (rapid)"]
[EventRounds "11"]
[EventCountry "RUS"]
[SourceTitle "CBM 183 Extra"]
[Source "ChessBase"]
[SourceDate "2018.04.19"]
[SourceVersion "1"]
[SourceVersionDate "2018.04.19"]
[SourceQuality "1"]

1. e4 e5 2. Nf3 Nc6 3. Bc4 Bc5 4. d3 Nf6 5. 0-0 d6 6. c3 a6 7. Nbd2 0-0 8. b4 Ba7 9. Re1 Ng4 10. Re2 Kh8 11. h3 Nh6 12. Nf1 f5 13. exf5 Nxf5 14. Bg5 Qe8 15. d4 Qg6 16. dxe5 Nxe5 17. Nxe5 dxe5 18. Be3 Nxe3 19. Rxe3 Bxe3 20. Nxe3 Bxh3 21. Qd5 c6 22. Qxe5 Rae8 23. Qh2 Be6 24. Bf1 Qf6 0-1

[Event "RUS GP rap"]
[Site "Serpukhov"]
[Date "2018.02.23"]
[Round "4"]
[White "Morozevich, Alexander"]
[Black "Kharchenko, Boris"]
[Result "1-0"]
[WhiteElo "2665"]
[BlackElo "2464"]
[PlyCount "91"]
[EventDate "2018.02.23"]
[EventType "swiss (rapid)"]
[EventRounds "11"]
[EventCountry "RUS"]
[SourceTitle "CBM 183 Extra"]
[Source "ChessBase"]
[SourceDate "2018.04.19"]
[SourceVersion "1"]
[SourceVersionDate "2018.04.19"]
[SourceQuality "1"]

1. e4 e5 2. Nf3 Nc6 3. Bb5 a6 4. Ba4 Nf6 5. d3 d6 6. c3 g6 7. Bg5 Bg7 8. Nbd2 h6 9. Bh4 Bd7 10. Nf1 0-0 11. Ne3 Qe8 12. 0-0 Kh8 13. Re1 Rc8 14. Nd2 Ng8 15. Nd5 f5 16. exf5 Bxf5 17. Ne4 Qf7 18. Ne3 Be6 19. Bxc6 bxc6 20. b4 Qd7 21. Qa4 Ra8 22. Nc4 c5 23. Qxd7 Bxd7 24. Na5 cxb4 25. cxb4 Bb5 26. Red1 d5 27. Nc5 Rf4 28. Bg3 Rxb4 29. Ne6 e4 30. Nxg7 Kxg7 31. dxe4 Rxe4 32. Rac1 Re7 33. Rxd5 Rae8 34. f3 Nf6 35. Rdc5 Kf7 36. Nb3 Re2 37. Rxc7+ R8e7 38. Bd6 Rd7 39. a3 Re6 40. Bb4 Re8 41. Rxd7+ Bxd7 42. Rc7 Kg8 43. Nc5 Bb5 44. Nxa6 Nd5 45. Rc5 Bxa6 46. Rxd5 1-0

[Event "Dvorkovich Memorial rapid op"]
[Site "Taganrog"]
[Date "2018.01.14"]
[Round "9"]
[White "Chernyavsky, Alexander"]
[Black "Kharchenko, Boris"]
[Result "1-0"]
[WhiteElo "2326"]
[BlackElo "2464"]
[PlyCount "65"]
[EventDate "2018.01.13"]
[EventType "swiss (rapid)"]
[EventRounds "11"]
[EventCountry "RUS"]
[SourceTitle "CBM 182 Extra"]
[Source "ChessBase"]
[SourceDate "2018.02.23"]
[SourceVersion "1"]
[SourceVersionDate "2018.02.23"]
[SourceQuality "1"]

1. d4 d5 2. Nf3 Nf6 3. Bf4 c5 4. c3 Nc6 5. e3 Qb6 6. Qb3 c4 7. Qc2 Bf5 8. Qc1 Nh5 9. Bg3 Nxg3 10. hxg3 h6 11. Nbd2 e6 12. Be2 Be7 13. Bd1 0-0 14. Bc2 Bxc2 15. Qxc2 Qc7 16. e4 f5 17. exd5 exd5 18. Nf1 Bd6 19. Ne3 Qf7 20. g4 fxg4 21. Ng5 Qxf2+ 22. Qxf2 Rxf2 23. Kxf2 hxg5 24. Nxd5 Rf8+ 25. Ke2 Bf4 26. Raf1 Rf5 27. Ne3 Ra5 28. Nxc4 Ra4 29. Na3 Bd6 30. Nb5 Bb8 31. Ra1 a6 32. Na3 Ne7 33. Nc2 1-0

[Event "Chigorin Memorial 25th"]
[Site "St Petersburg"]
[Date "2017.10.23"]
[Round "3"]
[White "Schekachikhin, Maksim"]
[Black "Kharchenko, Boris"]
[Result "1-0"]
[WhiteElo "2348"]
[BlackElo "2477"]
[PlyCount "125"]
[EventDate "2017.10.21"]
[EventType "swiss"]
[EventRounds "9"]
[EventCountry "RUS"]
[SourceTitle "CBM 181 Extra"]
[Source "ChessBase"]
[SourceDate "2017.12.12"]
[SourceVersion "1"]
[SourceVersionDate "2017.12.12"]
[SourceQuality "1"]

1. d4 Nf6 2. c4 e5 3. dxe5 Ng4 4. Bf4 g5 5. Bg3 Bg7 6. Nf3 Nc6 7. Nc3 Ngxe5 8. Nxe5 Nxe5 9. e3 d6 10. h4 g4 11. h5 h6 12. Be2 Be6 13. Qb3 Rb8 14. Bh4 Bf6 15. Bxf6 Qxf6 16. Nb5 Kd7 17. Qa4 Nc6 18. Nd4 Ke7 19. Rd1 Bd7 20. Qc2 Nxd4 21. Rxd4 Rhg8 22. c5 Rg5 23. cxd6+ cxd6 24. 0-0 Bc6 25. Rxg4 Rbg8 26. f3 Bd7 27. Rxg5 Qxg5 28. Qe4+ Qe5 29. Qxe5+ dxe5 30. Kf2 f5 31. Rc1 Bc6 32. b4 Kd6 33. Rd1+ Kc7 34. b5 Bd7 35. Rd5 e4 36. fxe4 fxe4 37. Re5 Rf8+ 38. Kg3 Rg8+ 39. Kh2 Kd6 40. Rxe4 Rg5 41. Rd4+ Ke7 42. a4 b6 43. g4 Re5 44. e4 Rg5 45. Kg3 Be6 46. Kf4 Rc5 47. Bd1 Bf7 48. e5 Be6 49. Bf3 Rc3 50. Be4 Rc1 51. Bf5 Rf1+ 52. Ke4 Re1+ 53. Kf3 Rf1+ 54. Ke2 Ra1 55. Bxe6 Kxe6 56. Rd6+ Kxe5 57. Rxh6 Ra2+ 58. Kd3 Ra3+ 59. Kc2 Rxa4 60. Rg6 Ra2+ 61. Kb3 Rg2 62. h6 Rg1 63. g5 1-0

[Event "Chigorin Memorial 25th"]
[Site "St Petersburg"]
[Date "2017.10.22"]
[Round "2"]
[White "Kharchenko, Boris"]
[Black "Zimin, Alexey"]
[Result "1-0"]
[WhiteElo "2477"]
[BlackElo "2227"]
[PlyCount "61"]
[EventDate "2017.10.21"]
[EventType "swiss"]
[EventRounds "9"]
[EventCountry "RUS"]
[SourceTitle "CBM 181 Extra"]
[Source "ChessBase"]
[SourceDate "2017.12.12"]
[SourceVersion "1"]
[SourceVersionDate "2017.12.12"]
[SourceQuality "1"]

1. d4 d5 2. Bf4 Nf6 3. e3 c5 4. dxc5 Nc6 5. Bb5 Qa5+ 6. Nc3 a6 7. Bxc6+ bxc6 8. Qd4 e6 9. b4 Qa3 10. Nge2 a5 11. b5 Bxc5 12. Qa4 0-0 13. b6 Nd7 14. Rb1 Bb7 15. Bc7 Nb8 16. Qg4 Be7 17. 0-0 Nd7 18. Rfd1 Bf6 19. Qg3 Bxc3 20. Rb3 Qxa2 21. Rxc3 Qa4 22. Nf4 Qe4 23. Rd4 Qf5 24. Nd3 a4 25. Ra3 c5 26. Rdxa4 Rxa4 27. Rxa4 c4 28. Ne1 d4 29. exd4 Nxb6 30. Rb4 Na8 31. Be5 1-0

[Event "EU-ch 18th"]
[Site "Minsk"]
[Date "2017.06.10"]
[Round "11"]
[White "Kharchenko, Boris"]
[Black "Buhmann, Rainer"]
[Result "1/2-1/2"]
[WhiteElo "2468"]
[BlackElo "2596"]
[PlyCount "119"]
[EventDate "2017.05.30"]
[EventType "swiss"]
[EventRounds "11"]
[EventCountry "BLR"]
[SourceTitle "CBM 179"]
[Source "ChessBase"]
[SourceDate "2017.07.12"]
[SourceVersion "1"]
[SourceVersionDate "2017.07.12"]
[SourceQuality "1"]

1. e4 e6 2. d4 d5 3. Nd2 c5 4. exd5 Qxd5 5. Ngf3 cxd4 6. Bc4 Qd8 7. 0-0 Nc6 8. Nb3 a6 9. Nbxd4 Nxd4 10. Nxd4 Qc7 11. Bb3 Bd6 12. Qh5 Nf6 13. Qh4 Bd7 14. Ne2 0-0-0 15. Bf4 Bxf4 16. Qxf4 Bb5 17. c4 Bc6 18. Rfd1 Be4 19. Qe3 Kb8 20. f3 Bg6 21. a3 Nd7 22. Ba2 Qe5 23. Qxe5+ Nxe5 24. f4 Nd3 25. Rd2 Kc7 26. Kf1 a5 27. g3 e5 28. Nc3 exf4 29. Nd5+ Kb8 30. Rad1 fxg3 31. Rxd3 Bxd3+ 32. Rxd3 gxh2 33. Kg2 Rhe8 34. Rd2 a4 35. Kxh2 Re1 36. Rf2 Ra1 37. Nb4 Rdd1 38. c5 Rh1+ 39. Kg2 Rag1+ 40. Kf3 Rf1 41. Bxf7 Rxf2+ 42. Kxf2 Rh2+ 43. Ke3 Rxb2 44. c6 bxc6 45. Nxc6+ Kc7 46. Nd4 Rb8 47. Ke4 Rb1 48. Kd5 g5 49. Bh5 Kb6 50. Nc2 Rh1 51. Be8 g4 52. Ke4 h5 53. Bxa4 h4 54. Ne3 Rg1 55. Bd7 h3 56. Nxg4 Kc7 57. Bf5 Re1+ 58. Kf4 Rf1+ 59. Kg5 Rh1 60. Be4 1/2-1/2

[Event "Moscow op-A 13th"]
[Site "Moscow"]
[Date "2017.01.30"]
[Round "3"]
[White "Malyshev, Grigory"]
[Black "Kharchenko, Boris"]
[Result "1-0"]
[WhiteElo "2326"]
[BlackElo "2461"]
[PlyCount "103"]
[EventDate "2017.01.28"]
[EventType "swiss"]
[EventRounds "9"]
[EventCountry "RUS"]
[SourceTitle "EXT 2018"]
[Source "ChessBase"]
[SourceDate "2017.10.13"]
[SourceVersion "1"]
[SourceVersionDate "2017.10.13"]
[SourceQuality "1"]

1. d4 d5 2. c4 c6 3. Nf3 Nf6 4. e3 Bf5 5. Nc3 e6 6. Nh4 Be4 7. f3 Bg6 8. Qb3 Qb6 9. Nxg6 hxg6 10. Bd2 Nbd7 11. g3 Bd6 12. Kf2 Qc7 13. Kg2 a6 14. Rc1 dxc4 15. Bxc4 0-0 16. e4 b5 17. Be2 e5 18. dxe5 Bxe5 19. Be3 Rfe8 20. Rhd1 c5 21. Nd5 Nxd5 22. Qxd5 Rad8 23. b3 Qa5 24. Qd2 Qa3 25. Bg5 Bf6 26. Bxf6 gxf6 27. Rc2 Kg7 28. Qc1 Qa5 29. Rd5 Nf8 30. Qd2 Qxd2 31. Rcxd2 Ne6 32. Kf2 Rxd5 33. Rxd5 Rd8 34. Rxd8 Nxd8 35. a4 c4 36. axb5 axb5 37. bxc4 bxc4 38. Bxc4 Nc6 39. f4 Ne7 40. Ke3 Nc6 41. Bd5 Ne7 42. Kd4 Kf8 43. Kc5 Ng8 44. Kd6 Nh6 45. h3 Ng8 46. Kd7 Ne7 47. Bc4 Ng8 48. g4 f5 49. e5 Ne7 50. g5 Ng8 51. h4 Ne7 52. e6 1-0

[Event "EU-Cup 32nd"]
[Site "Novi Sad"]
[Date "2016.11.06"]
[Round "1.1"]
[White "Sethuraman, SP."]
[Black "Kharchenko, Boris"]
[Result "1-0"]
[WhiteElo "2649"]
[BlackElo "2450"]
[PlyCount "123"]
[EventDate "2016.11.06"]
[EventType "team-swiss"]
[EventRounds "7"]
[EventCountry "SRB"]
[SourceTitle "CBM 176"]
[Source "ChessBase"]
[SourceDate "2017.01.17"]
[SourceVersion "1"]
[SourceVersionDate "2017.01.17"]
[SourceQuality "1"]
[WhiteTeam "Itaka"]
[BlackTeam "LugPokerChess"]
[WhiteTeamCountry "SRB"]
[BlackTeamCountry "RUS"]

1. d4 d5 2. c4 c6 3. Nf3 Nf6 4. e3 Bf5 5. Nc3 e6 6. Nh4 Be4 7. f3 Bg6 8. Qb3 Qc7 9. Bd2 Nbd7 10. cxd5 exd5 11. e4 dxe4 12. Nxg6 hxg6 13. fxe4 Nb6 14. e5 Nfd5 15. Be2 Rh4 16. g4 Be7 17. a4 a5 18. Ne4 Nd7 19. Qg3 Rh8 20. 0-0 f6 21. Nd6+ Bxd6 22. exd6 Qb6 23. Bc3 0-0-0 24. Bf3 Ne5 25. Be4 Nc4 26. Bxg6 Nxd6 27. Rfe1 Rh6 28. Bd3 g5 29. Bf1 Nf4 30. b4 axb4 31. a5 Qa7 32. a6 b5 33. Bxb4 Qxd4+ 34. Qe3 Qxe3+ 35. Rxe3 Nd5 36. Rea3 Kd7 37. Bc5 Ra8 38. Bg2 Nc4 39. Rd3 Ne5 40. Rxd5+ cxd5 41. Bxd5 Rhh8 42. a7 Rhc8 43. Ra6 Rc6 44. Bxc6+ Nxc6 45. Kf2 b4 46. Ke3 Kc7 47. h3 Kb7 48. Rb6+ Kc7 49. Ke4 Re8+ 50. Kf5 Re5+ 51. Kxf6 Rxc5 52. a8Q Kxb6 53. Qa2 Nd4 54. Qd2 Nc2 55. Qd3 Kb7 56. h4 gxh4 57. g5 Rc6+ 58. Ke5 Na3 59. g6 Nc4+ 60. Kf4 Rc7 61. Qd5+ Kb6 62. g7 1-0

[Event "Chigorin Memorial 24th"]
[Site "St Petersburg"]
[Date "2016.10.23"]
[Round "9"]
[White "Saidov, Bilukhadzh"]
[Black "Kharchenko, Boris"]
[Result "1/2-1/2"]
[WhiteElo "2230"]
[BlackElo "2464"]
[PlyCount "164"]
[EventDate "2016.10.15"]
[EventType "swiss"]
[EventRounds "9"]
[EventCountry "RUS"]
[SourceTitle "CBM 175 Extra"]
[Source "ChessBase"]
[SourceDate "2016.12.12"]
[SourceVersion "1"]
[SourceVersionDate "2016.12.12"]
[SourceQuality "1"]

1. d4 d5 2. Nf3 Nf6 3. Bf4 c5 4. e3 Nc6 5. c3 Qb6 6. Qb3 c4 7. Qc2 Bf5 8. Qc1 Nh5 9. Nbd2 Nxf4 10. exf4 h6 11. Be2 g5 12. 0-0 e6 13. b3 cxb3 14. Nxb3 0-0-0 15. Ne5 Nxe5 16. fxe5 Kb8 17. Qd2 Rc8 18. Bd3 Bxd3 19. Qxd3 Ba3 20. Rab1 Qc7 21. Qb5 Ka8 22. Qa4 Be7 23. Rbc1 Qc6 24. Qxc6 Rxc6 25. f4 g4 26. f5 Bg5 27. Rc2 b6 28. fxe6 fxe6 29. Rd1 Kb7 30. Kf2 Rhc8 31. Rd3 R6c7 32. Kg3 h5 33. h3 Rf8 34. hxg4 hxg4 35. Kxg4 Rg7 36. g3 Be3+ 37. Kh3 Rf3 38. Rg2 Rf1 39. Nc5+ Kc6 40. Nxe6 Rh1+ 41. Rh2 Rh7+ 42. Kg4 R1xh2 43. Rxe3 Rxa2 44. Nf4 Rf2 45. e6 Kd6 46. Re5 Ke7 47. Nxd5+ Ke8 48. Rg5 a5 49. Nxb6 Ke7 50. d5 Kf6 51. Nd7+ Ke7 52. Ne5 a4 53. Nc6+ Kd6 54. Rg8 Kxd5 55. e7 Re2 56. e8Q Rxe8 57. Nb4+ Kc4 58. Rxe8 Kxc3 59. Na2+ Kb3 60. Nc1+ Kb2 61. Nd3+ Kc3 62. Nc5 a3 63. Re3+ Kb4 64. Rb3+ Kxc5 65. Rxa3 Rh8 66. Rd3 Kc4 67. Rd7 Rg8+ 68. Kh3 Rh8+ 69. Kg2 Rg8 70. Rf7 Kd5 71. Kf3 Ke6 72. Rf4 Rg6 73. Rf8 Ke7 74. Rf5 Ke6 75. Rf4 Ke7 76. Re4+ Kf7 77. Rf4+ Kg7 78. Rg4 Rxg4 79. Kxg4 Kg6 80. Kf4 Kf6 81. Ke3 Kg5 82. Kf3 Kf5 1/2-1/2

[Event "Voronezh op-A 20th"]
[Site "Voronezh"]
[Date "2016.06.12"]
[Round "1"]
[White "Klepikov, Nikita"]
[Black "Kharchenko, Boris"]
[Result "1-0"]
[WhiteElo "2260"]
[BlackElo "2467"]
[PlyCount "55"]
[EventDate "2016.06.12"]
[EventType "swiss"]
[EventRounds "9"]
[EventCountry "RUS"]
[SourceTitle "EXT 2019"]
[Source "ChessBase"]
[SourceDate "2018.10.10"]
[SourceVersion "1"]
[SourceVersionDate "2018.10.10"]
[SourceQuality "1"]

1. e4 e5 2. Nf3 Nc6 3. Bb5 a6 4. Ba4 d6 5. Qe2 b5 6. Bb3 Na5 7. d4 exd4 8. Nxd4 Nf6 9. Bd5 Nxd5 10. exd5+ Qe7 11. Be3 g6 12. b4 Nc4 13. Nc6 Qe4 14. Bd4 Qxe2+ 15. Kxe2 Rg8 16. a4 bxa4 17. Nd2 Nxd2 18. Kxd2 Bf5 19. Rhe1+ Kd7 20. Kc3 Re8 21. Rxe8 Kxe8 22. Re1+ Kd7 23. Nb8+ Kc8 24. Re8+ Kb7 25. Nc6 Bc8 26. Nd8+ Kb8 27. Nxf7 Kb7 28. Nd8+ 1-0

[Event "Nezhmetdinov Memorial 38th"]
[Site "Kazan"]
[Date "2016.06.06"]
[Round "7"]
[White "Kharchenko, Boris"]
[Black "Murtazin, Bulat"]
[Result "1-0"]
[WhiteElo "2467"]
[BlackElo "2319"]
[PlyCount "143"]
[EventDate "2016.05.31"]
[EventType "swiss"]
[EventRounds "9"]
[EventCountry "RUS"]
[SourceTitle "CBM 172 Extra"]
[Source "ChessBase"]
[SourceDate "2016.06.21"]
[SourceVersion "1"]
[SourceVersionDate "2016.06.21"]
[SourceQuality "1"]

1. e4 e5 2. Nf3 Nc6 3. Bb5 Nf6 4. d3 Bc5 5. c3 0-0 6. 0-0 d6 7. h3 Ne7 8. d4 Bb6 9. Re1 Ng6 10. Nbd2 Nh5 11. Nc4 c6 12. Nxb6 Qxb6 13. Bf1 Nhf4 14. Qc2 Kh8 15. g3 Ne6 16. Be3 exd4 17. cxd4 d5 18. h4 dxe4 19. d5 Qc7 20. dxe6 exf3 21. h5 Ne5 22. exf7 Qxf7 23. Bc5 Nd7 24. Bxf8 Nxf8 25. h6 Be6 26. Qc3 Bd5 27. hxg7+ Qxg7 28. Qxg7+ Kxg7 29. Re7+ Kf6 30. Rxb7 h5 31. b3 Ne6 32. Rh7 Nd4 33. Rxh5 Re8 34. Rd1 Ne2+ 35. Bxe2 Rxe2 36. Ra1 a5 37. Rh4 Be4 38. Rh8 c5 39. Rc8 Rc2 40. Rc7 a4 41. bxa4 c4 42. a5 Ke5 43. a6 Kd6 44. Rc8 Kd7 45. Rb8 c3 46. Rb3 Kc7 47. a7 Bd5 48. Ra3 Ba8 49. g4 Kd6 50. g5 Ke6 51. Re1+ Kf5 52. Ra5+ Kg6 53. Re3 Rc1+ 54. Kh2 Rf1 55. Rxc3 Rxf2+ 56. Kg1 Rb2 57. Rb3 Rc2 58. Rb6+ Kh5 59. g6+ Kh6 60. Re5 Rc1+ 61. Kf2 Rc2+ 62. Kf1 Rc1+ 63. Re1 Rc7 64. Ra6 Kg7 65. Kf2 Rc2+ 66. Ke3 Rc7 67. Rh1 Re7+ 68. Kf4 Re8 69. Kg3 Rf8 70. Rh7+ Kg8 71. Rf7 Re8 72. Rb6 1-0

[Event "Nezhmetdinov Memorial 38th"]
[Site "Kazan"]
[Date "2016.06.04"]
[Round "5"]
[White "Kharchenko, Boris"]
[Black "Kanter, Eduard"]
[Result "1/2-1/2"]
[WhiteElo "2467"]
[BlackElo "2375"]
[PlyCount "80"]
[EventDate "2016.05.31"]
[EventType "swiss"]
[EventRounds "9"]
[EventCountry "RUS"]
[SourceTitle "CBM 172 Extra"]
[Source "ChessBase"]
[SourceDate "2016.06.21"]
[SourceVersion "1"]
[SourceVersionDate "2016.06.21"]
[SourceQuality "1"]

1. e4 c5 2. c3 Nf6 3. e5 Nd5 4. Nf3 Nc6 5. Bc4 e6 6. d4 cxd4 7. cxd4 d6 8. 0-0 Be7 9. Bd2 0-0 10. Re1 Bd7 11. Nc3 Nxc3 12. Bxc3 dxe5 13. dxe5 Qc7 14. Rc1 Rfd8 15. Bd3 Be8 16. Qe2 Rac8 17. h4 Qb8 18. a3 a6 19. h5 b5 20. Qe4 g6 21. Bb1 b4 22. axb4 Nxb4 23. Qg4 Nd3 24. Bxd3 Rxd3 25. Ng5 Bc6 26. Qf4 Rf8 27. hxg6 fxg6 28. Qc4 Bxg5 29. Qxd3 Bxc1 30. Rxc1 Qb5 31. Qd6 Qd5 32. f3 Rd8 33. Qxd5 Bxd5 34. Bb4 Rb8 35. Ba3 g5 36. Rc7 Rb7 37. Rxb7 Bxb7 38. Kf2 Kf7 39. Bd6 h5 40. b4 Kg6 1/2-1/2

[Event "Nezhmetdinov Memorial 38th"]
[Site "Kazan"]
[Date "2016.05.31"]
[Round "1"]
[White "Murtazin, Ruslan"]
[Black "Kharchenko, Boris"]
[Result "0-1"]
[WhiteElo "2050"]
[BlackElo "2467"]
[PlyCount "68"]
[EventDate "2016.05.31"]
[EventType "swiss"]
[EventRounds "9"]
[EventCountry "RUS"]
[SourceTitle "CBM 172 Extra"]
[Source "ChessBase"]
[SourceDate "2016.06.21"]
[SourceVersion "1"]
[SourceVersionDate "2016.06.21"]
[SourceQuality "1"]

1. e4 e5 2. Nf3 Nc6 3. Nc3 Nf6 4. Be2 d5 5. exd5 Nxd5 6. 0-0 Nxc3 7. bxc3 e4 8. Ne1 Bd6 9. f3 Bf5 10. fxe4 Bxe4 11. Bf3 Qh4 12. g3 Qe7 13. d4 0-0 14. Nd3 Rae8 15. Bd2 Qe6 16. Re1 Bxf3 17. Qxf3 Qc4 18. Rab1 Rxe1+ 19. Bxe1 b6 20. Nc1 Na5 21. Nb3 Qa4 22. Qd3 Re8 23. Qd1 Nc4 24. Bf2 Qxa2 25. Ra1 Qb2 26. Rxa7 Qxc3 27. Ra2 h6 28. Qh5 Re1+ 29. Kg2 Ne3+ 30. Kh3 Qc4 31. Ra8+ Kh7 32. Nd2 Qe6+ 33. g4 g6 34. Qh4 Qd5 0-1

[Event "Nezhmetdinov Memorial rapid 38th"]
[Site "Kazan"]
[Date "2016.05.29"]
[Round "3"]
[White "Kharchenko, Boris"]
[Black "Pridorozhni, Aleksei"]
[Result "1/2-1/2"]
[WhiteElo "2467"]
[BlackElo "2552"]
[PlyCount "109"]
[EventDate "2016.05.29"]
[EventType "swiss (rapid)"]
[EventRounds "9"]
[EventCountry "RUS"]
[SourceTitle "CBM 172 Extra"]
[Source "ChessBase"]
[SourceDate "2016.06.21"]
[SourceVersion "1"]
[SourceVersionDate "2016.06.21"]
[SourceQuality "1"]

1. e4 c5 2. c3 e6 3. d4 d5 4. exd5 exd5 5. Nf3 Nc6 6. Be3 cxd4 7. Nxd4 Bd6 8. Be2 Nge7 9. 0-0 0-0 10. Nd2 a6 11. Re1 Qc7 12. Nf1 Re8 13. Qc2 Bd7 14. Rad1 Rad8 15. Nxc6 Bxc6 16. Bg5 Rb8 17. Bh4 Ng6 18. Bg3 Rbd8 19. Bxd6 Rxd6 20. Ne3 Qa5 21. Nf5 Rde6 22. Nd4 Re5 23. Qd2 h6 24. a3 Ba4 25. Rc1 Qc7 26. Bd3 Nf4 27. Bf1 Nh5 28. Nf3 Rxe1 29. Rxe1 Rxe1 30. Nxe1 Nf6 31. Qd4 Bb3 32. f3 a5 33. Bd3 b6 34. Nc2 Bxc2 35. Bxc2 Kf8 36. g3 Qc5 37. Kf2 Ke7 38. Ke3 Kd6 39. b4 axb4 40. axb4 Qc6 41. Qf4+ Ke7 42. Qe5+ Kf8 43. Bb3 b5 44. Kd4 Qb6+ 45. Kd3 Qc6 46. Kd4 Qb6+ 47. Kd3 Qc6 48. Kd4 Qb6+ 49. Kd3 Qg1 50. Qb8+ Ke7 51. Qb7+ Ke6 52. Qc8+ Ke7 53. Qb7+ Ke6 54. Qc8+ Ke7 55. Qc5+ 1/2-1/2

[Event "Moscow Aeroflot op-B 15th"]
[Site "Moscow"]
[Date "2016.03.07"]
[Round "7"]
[White "Kharchenko, Boris"]
[Black "Hojjatova, Aydan Hikmat Qizi"]
[Result "1-0"]
[WhiteElo "2488"]
[BlackElo "2323"]
[PlyCount "79"]
[EventDate "2016.03.01"]
[EventType "swiss"]
[EventRounds "9"]
[EventCountry "RUS"]
[SourceTitle "CBM 171 Extra"]
[Source "ChessBase"]
[SourceDate "2016.04.26"]
[SourceVersion "1"]
[SourceVersionDate "2016.04.26"]
[SourceQuality "1"]

1. d4 Nf6 2. Nf3 e6 3. Bg5 d5 4. e3 Be7 5. Bd3 0-0 6. Nbd2 Nbd7 7. c3 c5 8. 0-0 b6 9. Qb1 Bb7 10. h3 Rc8 11. Bf4 h6 12. Kh1 Re8 13. Bh2 Nf8 14. Ne5 N8d7 15. f4 Bd6 16. g4 Qc7 17. Rf2 Red8 18. Rg2 Bxe5 19. fxe5 Ne4 20. Nxe4 dxe4 21. Bxe4 Nf8 22. Bg3 Ng6 23. Kh2 Ne7 24. Rf2 Bxe4 25. Qxe4 Qc6 26. Qxc6 Nxc6 27. Kg2 Rd7 28. Kf3 Rcd8 29. Ke4 Ne7 30. Rd1 Nc6 31. Rg1 Rd5 32. h4 R5d7 33. h5 Rc8 34. Bh4 Kf8 35. g5 hxg5 36. Bxg5 Ke8 37. Bh4 Kf8 38. Rfg2 g6 39. hxg6 fxg6 40. Rxg6 1-0

[Event "Moscow Aeroflot op-B 15th"]
[Site "Moscow"]
[Date "2016.03.03"]
[Round "3"]
[White "Kharchenko, Boris"]
[Black "Liu, Chang"]
[Result "1/2-1/2"]
[WhiteElo "2488"]
[BlackElo "2378"]
[PlyCount "80"]
[EventDate "2016.03.01"]
[EventType "swiss"]
[EventRounds "9"]
[EventCountry "RUS"]
[SourceTitle "CBM 171 Extra"]
[Source "ChessBase"]
[SourceDate "2016.04.26"]
[SourceVersion "1"]
[SourceVersionDate "2016.04.26"]
[SourceQuality "1"]

1. e4 d6 2. d4 g6 3. Nc3 Bg7 4. Nf3 Nf6 5. Be2 c6 6. 0-0 0-0 7. h3 Qc7 8. Bf4 Nbd7 9. e5 dxe5 10. Nxe5 Nxe5 11. Bxe5 Qd8 12. Qd2 Bf5 13. Bf3 Be6 14. Rfe1 Rc8 15. Rad1 Bd5 16. Be2 Nd7 17. Bg3 Nf6 18. Bf1 Re8 19. Be5 Nd7 20. Bh2 Nf6 21. a3 a6 22. Bd3 b5 23. Nxd5 Nxd5 24. c3 e6 25. a4 Qb6 26. Ra1 Red8 27. Qe2 Ra8 28. h4 h5 29. Qc2 Qb7 30. Be5 Qe7 31. Bxg7 Kxg7 32. g3 Rab8 33. Re5 Rd6 34. Rae1 Qc7 35. axb5 axb5 36. Be2 Nf6 37. Bf3 Nd7 38. R5e2 c5 39. dxc5 Qxc5 40. Rd2 Ne5 1/2-1/2

[Event "Moscow op-A"]
[Site "Moscow"]
[Date "2016.02.03"]
[Round "5"]
[White "Derbenev, Andrey"]
[Black "Kharchenko, Boris"]
[Result "1-0"]
[WhiteElo "2367"]
[BlackElo "2506"]
[PlyCount "79"]
[EventDate "2016.01.30"]
[EventType "swiss"]
[EventRounds "9"]
[EventCountry "RUS"]
[SourceTitle "CBM 170 Extra"]
[Source "ChessBase"]
[SourceDate "2016.02.25"]
[SourceVersion "1"]
[SourceVersionDate "2016.02.25"]
[SourceQuality "1"]

1. e4 c6 2. d4 d5 3. Nd2 dxe4 4. Nxe4 Nd7 5. Bc4 Ngf6 6. Ng5 e6 7. Qe2 Nb6 8. Bd3 h6 9. N5f3 c5 10. Bf4 a6 11. 0-0-0 Nbd5 12. Bd2 b5 13. dxc5 Bxc5 14. Ne5 Qb6 15. f4 Be3 16. g3 Bxd2+ 17. Rxd2 Bb7 18. Ngf3 Nb4 19. a3 Nxd3+ 20. Rxd3 Rc8 21. Rhd1 0-0 22. g4 Be4 23. R3d2 b4 24. axb4 Qxb4 25. Rd4 Qb7 26. Ne1 Rb8 27. N1d3 Bxd3 28. Nxd3 Qb6 29. Rb4 Qa5 30. Rxb8 Rxb8 31. Qe5 Rb5 32. Qe2 Qa1+ 33. Kd2 Qa5+ 34. c3 Rd5 35. h3 Qa4 36. Ke1 a5 37. Kf2 Qc4 38. Kf3 Qc6 39. Kg3 Qc4 40. Kf3 1-0